000 00522nam a2200193Ia 4500
008 131103s9999 xx 000 0 und d
040 _aLoreto College
041 _aEnglish
082 _a954/MAB
_bLCBED/4112
100 _aMabbett,I.W.
245 2 _aA short history of India
_cI.W.Mabbett
260 _a[s.l.]
_b[s.n.]
_c[19?]
300 _a270p.
_b ill,maps
_c 21 cm.
504 _aIncludes bibliography and index
650 _aHistory - India
651 _aIndian History
850 _aLCBED/954/MAB
942 _cBK
999 _c28686
_d79165